000 00445nam a2200181Ia 4500
001 17460
005 20260306171519.0
008 260306s9999||||xx |||||||||||||| ||und||
041 _aESP
082 _a658
_bG37 2005
100 _aClaude S., George
_eAUT
245 0 _aHistoria del pensamiento administrativo
260 _c2005
300 _axxviii, 313 páginas :
_c23 cm.
650 _aGEN
654 _aCAN
942 _cLIB
_dJUS
_fJUS
_2ddc
_n
999 _c17460
_d17460